| 000 | 01538nam a2200217Ia 4500 | ||
|---|---|---|---|
| 999 |
_c39832 _d39832 |
||
| 001 | 6437 | ||
| 003 | GE_BSU | ||
| 005 | 20190621191905.0 | ||
| 008 | 181216s1985|||| |||||||||||||| ||geo|| | ||
| 080 | _a621.3(076.5)(072) მ-50 | ||
| 245 |
_aმეთოდური მითითებები ლაბორატორიული სამუშაოების ჩასატარებლად ელექტრონიკის თეორიულ საფუძვლებსა და ელექტრული წრედების თეორიაში : პირველი ნაწილი. / _cშემდგ : პ. მერაბიშვილი ; ა.კოტია ; გ.ვადაჭკორია ; ნ.წივწივაძე ; და სხვ. რედ : მ. ძიძიგური. |
||
| 264 |
_aთბილისი : _bსპი, _c1985. |
||
| 300 |
_a107გვ.: _bნახაზ; _c20 სმ. |
||
| 653 | _aელექტრონიკის და ელექტრული წრედების თეორია | ||
| 700 |
_aმერაბიშვილი, პ _eშემდგენელი _92765 |
||
| 700 |
_aკოტია, ა _eშემდგენელი _92769 |
||
| 700 |
_aვადაჭკორია, გ _eშემდგენელი _92770 |
||
| 700 |
_aწივწივაძე, ნ _eშემდგენელი _92771 |
||
| 700 |
_aძიძიგური, მ _eრედაქტორი _9472 |
||
| 942 |
_cBK _2udc |
||